Southville International School and Colleges
Your cart is empty.
  • Cart
  • Lists
    Public lists Eva Luna New books Lux_list list_1
    Your lists Log in to create your own lists
  • Log in to your account
  • Your cookies
  • Search history
Southville International School and Colleges
  • Advanced search
  • Recent comments
  • Most popular
  • Libraries

Log in to your account

Log in with GOOGLE


If you do not have an external account, but do have a local account, you can still log in:

  1. Home
  2. MARC view: Simple program logic formulation :
Normal view MARC view ISBD view

Simple program logic formulation : (Record no. 21334)

[ view plain ]
MARC details
000 -LEADER
fixed length control field 00591nam a2200193 a 4500
005 - DATE AND TIME OF LATEST TRANSACTION
control field 20140310183318.0
008 - FIXED-LENGTH DATA ELEMENTS--GENERAL INFORMATION
fixed length control field 041125s19uu xx 00 eng d
020 ## - INTERNATIONAL STANDARD BOOK NUMBER
International Standard Book Number 9718523243
050 ## - LIBRARY OF CONGRESS CALL NUMBER
Classification number QA 76.73
Item number .D278 2004
100 ## - MAIN ENTRY--PERSONAL NAME
Personal name De La Rosa, Jerald Herrera
245 ## - TITLE STATEMENT
Title Simple program logic formulation :
Remainder of title fully illustrated /
Statement of responsibility, etc Jerald Herrera De La Rosa.
260 ## - PUBLICATION, DISTRIBUTION, ETC. (IMPRINT)
Place of publication, distribution, etc Valenzuela City :
Name of publisher, distributor, etc Andes Mountain Printers,
Date of publication, distribution, etc 2004.
300 ## - PHYSICAL DESCRIPTION
Extent 223 p. :
Other physical details ill. ;
Dimensions 23 cm.
521 ## - TARGET AUDIENCE NOTE
Target audience note
650 ## - SUBJECT ADDED ENTRY--TOPICAL TERM
Topical term or geographic name as entry element Computer programming.
650 ## - SUBJECT ADDED ENTRY--TOPICAL TERM
Topical term or geographic name as entry element Logic design.
942 ## - ADDED ENTRY ELEMENTS (KOHA)
Koha item type Books
Source of classification or shelving scheme Library of Congress Classification
Call number prefix Local
Holdings
Withdrawn status Lost status Source of classification or shelving scheme Damaged status Home library Current library Shelving location Date acquired Total Checkouts Full call number Barcode Date last seen Copy number Price effective from Koha item type
    Library of Congress Classification   College Library College Library General Circulation Section 01/06/2006   QA 76.73 .D278 2004 C6615 05/15/2018 1 10/10/2013 Books

Simple program logic formulation :

APA

De La Rosa J. H., . (2004). Simple program logic formulation. Valenzuela City: Andes Mountain Printers.

Chicago

De La Rosa Jerald Herrera, . 2004. Simple program logic formulation. Valenzuela City: Andes Mountain Printers.

Harvard

De La Rosa J. H., . (2004). Simple program logic formulation. Valenzuela City: Andes Mountain Printers.

MLA

De La Rosa Jerald Herrera, . Simple program logic formulation. Valenzuela City: Andes Mountain Printers. 2004.

  • Place hold
  • Print
  • Cite
  • Add to your cart (remove)
  • Save record
    BIBTEX Dublin Core MARCXML MARC (non-Unicode/MARC-8) MARC (Unicode/UTF-8) MARC (Unicode/UTF-8, Standard) MODS (XML) RIS
  • More searches
    Search for this title in:
    Other Libraries (WorldCat) Other Databases (Google Scholar) Online Stores (Bookfinder.com) Open Library (openlibrary.org)

Exporting to Dublin Core...

SOUTHVILLE LIBRARY

Southville International School and Colleges Library

1281 Tropical Ave. Cor. Luxembourg St., BF Homes International, Las Pinas City

Tel. No. 8256374 / 252358 Loc. 117/146

Powered by Koha